| Поле | Инд. | ПП | Название | Значение |
|---|---|---|---|---|
| Тип записи | a | |||
| Библиографический уровень | b | |||
| 001 | Контрольный номер | e808a5fcebf448daab19632fe86559b6 | ||
| 005 | Дата корректировки | 20260528112521.4 | ||
| 024 | 80 | a | Стандартный номер | 10.3103/S0027134925702832 |
| 040 | a | Служба первич. каталог. | Scopus | |
| b | Код языка каталог. | rus | ||
| 041 | 0_ | a | Код языка текста | eng |
| 097 | a | Костяева О.Г. | ||
| 100 | 1_ | a | Автор | Chizhov K. |
| c | Титул (звания) | старший научный сотрудник | ||
| k | Научно-исследовательский центр искусственного интеллекта; Институт системного анализа и управления | |||
| q | Полное имя | Чижов Константин Алексеевич | ||
| u | Дополнение | Чижов К. | ||
| j | Принадлежность неизвестного автора к последователям, ученикам, сторонникам, школе и т. д. | государственный университет "Дубна" | ||
| 100 | 1_ | a | Автор | Bely A. A. |
| c | Титул (звания) | ассистент | ||
| k | Институт системного анализа и управления; Кафедра распределенных информационно-вычислительных систем | |||
| q | Полное имя | Белый Артем Алексеевич | ||
| j | Принадлежность неизвестного автора к последователям, ученикам, сторонникам, школе и т. д. | государственный университет "Дубна" | ||
| 245 | 10 | a | Заглавие | Neutron Spectrum Unfolding Using Deep Learning Models for Tabular Data |
| 513 | a | отобрано | ||
| 773 | 18 | t | Название источника | Moscow University Physics Bulletin |
| b | Сведения об издании | Allerton Press | ||
| c | Russia | |||
| d | Место и дата издания | 2026 | ||
| m | Специф. данные | входит в Белый список; входит в Scopus; входит в ядро РИНЦ; ненулевой импакт-фактор | ||
| n | Примечание | Вестник Московского университета. Серия 3: Физика. Астрономия | ||
| q | У3 Белый список; Q4 Scopus 2025 | |||
| o | Прочие индексы | SJR 0.197 | ||
| x | ISSN | 0027-1349 | ||
| g | Прочая информация | V. 80. - P. S987–S995 | ||
| w | Контрольный № источника | 978e978de6d7415482a3ccfa19ef6bdb | ||
| 901 | t | Тип документа | b | |
| 952 | c | Вид литературы | статья в журнале |